| 000 | 00380nam a2200157Ia 4500 | ||
|---|---|---|---|
| 008 | 230718s9999 xx 000 0 und d | ||
| 041 | _aeng | ||
| 082 |
_a004.03 _bWEB |
||
| 100 | _aWebsters | ||
| 245 | _aInternational Websters Pocket Computer Dictionary | ||
| 260 |
_c2001 _bCBS |
||
| 300 | _a316 | ||
| 365 | _cRs. | ||
| 700 | _aWebsters | ||
| 906 |
_dB:293403-Nov-2001 _cCOMP |
||
| 999 |
_c302460 _d302460 |
||